|
|
|
|
| LEADER |
01063nam a2200301 a 4500 |
| 001 |
28522 |
| 003 |
BD-DhAAL |
| 005 |
20150211163051.0 |
| 008 |
141028r20102005enkab b 001 0 eng |
| 010 |
|
|
|a 2004051856
|
| 020 |
|
|
|a 0521800269 (hardback)
|
| 020 |
|
|
|a 0521804701 (pbk.)
|
| 020 |
|
|
|a 0521671418
|
| 020 |
|
|
|a 9780521671415
|
| 040 |
|
|
|a DLC
|c DLC
|d DLC
|d BD-DhAAL
|
| 043 |
|
|
|a a-np---
|
| 050 |
0 |
0 |
|a DS494.5
|b .W43 2005
|
| 082 |
0 |
0 |
|a 954.96
|2 22
|
| 100 |
1 |
|
|a Whelpton, John.
|9 5896
|
| 245 |
1 |
2 |
|a A history of Nepal /
|c John Whelpton.
|
| 260 |
|
|
|a Cambridge ;
|a New York :
|b Cambridge University Press,
|c c2005 [reprinted 2010, 2008, 2007].
|
| 300 |
|
|
|a xxiii, 296 p. :
|b ill., maps ;
|c 24 cm.
|
| 504 |
|
|
|a Includes bibliographical references and index.
|
| 541 |
|
|
|e 28522
|
| 651 |
|
0 |
|a Nepal
|x History.
|9 5897
|
| 942 |
|
|
|2 ddc
|c BK
|
| 999 |
|
|
|c 32997
|d 32997
|
| 952 |
|
|
|0 0
|1 0
|2 ddc
|4 0
|6 954_960000000000000_WHE
|7 0
|9 43954
|a BRACUL
|b BRACUL
|c GEN
|d 2014-10-28
|e Paragon Enterprises Ltd.
|g 592.00
|l 8
|m 30
|o 954.96 WHE
|p 3010028522
|r 2026-05-04
|s 2026-04-21
|t 1
|w 2014-10-28
|y BK
|